000 00314nam a22001457a 4500
008 210428b ||||| |||| 00| 0 eng d
020 _a9780073380957
041 _aeng
080 _22nd
_a339.138
082 _a339.138
100 _a60
101 _aMAR
245 _aMarketing
_cDhruv Grewal
942 _2udc
_cBK
999 _c56889
_d56889